000 00310nam a2200109 4500
008 b xx# fre u
040 _aLB-BrCRDP
082 1 _a684
_bBAR
245 1 3 _aLe grand livre du bricolage
_cUrsula Barff, Inge Burkhardt
942 _cBK
999 _c9656
_d9656